[Event "EUSA-ch Women 2019"]
[Site "Budapest"]
[Date "2019.07.26"]
[Round "5"]
[White "Voit, Daria"]
[Black "Terbe, Zsuzsanna"]
[Result "1/2-1/2"]
[WhiteElo "2339"]
[BlackElo "2160"]
[Annotator "NA"]
[PlyCount "135"]
[EventDate "2019.07.23"]
[EventType "team-tourn"]
[EventCountry "HUN"]
[SourceTitle "playchess.com"]
[Source "ChessBase"]
[SourceQuality "1"]
[TimeControl "1500+10"]

1. c4 {[%emt 0:00:00]} c6 {[%emt 0:00:00]} 2. Nc3 {[%emt 0:00:04]} d5 {[%emt 0:00:00]} 3. e3 {[%emt 0:00:05]} Nf6 {[%emt 0:00:00]} 4. d4 {[%emt 0:00:04]} e6 {[%emt 0:00:49]} 5. Nf3 {[%emt 0:00:03]} a6 {[%emt 0:00:03]} 6. Qc2 {[%emt 0:00:35]} c5 {[%emt 0:00:06]} 7. dxc5 {[%emt 0:01:25]} Bxc5 {[%emt 0:00:03]} 8. a3 {[%emt 0:00:02]} dxc4 {[%emt 0:00:25]} 9. Bxc4 {[%emt 0:00:02]} b5 {[%emt 0:00:06]} 10. Bd3 {[%emt 0:00:25]} Nbd7 {[%emt 0:00:13]} 11. Ne4 {[%emt 0:00:47]} Be7 {[%emt 0:00:16]} 12. Qc6 {[%emt 0:00:50]} Rb8 {[%emt 0:03:03]} 13. Nd6+ {[%emt 0:00:18]} Bxd6 {[%emt 0:00:03]} 14. Qxd6 {[%emt 0:00:02]} Qb6 {[%emt 0:01:04]} 15. Qxb6 {[%emt 0:01:48]} Nxb6 {[%emt 0:00:03]} 16. Bd2 {[%emt 0:00:43]} O-O {[%emt 0:00:06]} 17. Rc1 {[%emt 0:00:59]} Bb7 {[%emt 0:00:16]} 18. Ke2 {[%emt 0:01:50]} Rbc8 {[%emt 0:00:32]} 19. Ba5 {[%emt 0:03:29]} Na4 {[%emt 0:02:36]} 20. Bb4 {[%emt 0:00:08]} Rfe8 {[%emt 0:00:06]} 21. b3 {[%emt 0:00:04]} Nb6 {[%emt 0:00:02]} 22. Ba5 {[%emt 0:03:02]} Nbd5 {[%emt 0:00:14]} 23. Ne5 {[%emt 0:00:31]} Ne7 {[%emt 0:00:52]} 24. f3 {[%emt 0:00:21]} Nfd5 {[%emt 0:00:39]} 25. Bd2 {[%emt 0:02:19]} f6 {[%emt 0:00:26]} 26. Nd7 {[%emt 0:00:04]} Rcd8 {[%emt 0:02:39]} 27. Nc5 {[%emt 0:00:26]} Bc8 {[%emt 0:00:04]} 28. Rhd1 {[%emt 0:02:27]} Rd6 {[%emt 0:00:46]} 29. Ba5 {[%emt 0:00:48]} Rc6 {[%emt 0:00:30]} 30. g3 {[%emt 0:00:22]} f5 {[%emt 0:02:40]} 31. Kf2 {[%emt 0:00:43]} Nf6 {[%emt 0:00:17]} 32. a4 {[%emt 0:00:54]} bxa4 {[%emt 0:00:29]} 33. bxa4 {[%emt 0:00:34]} Nd7 {[%emt 0:00:19]} 34. Nxd7 {[%emt 0:01:05]} Rxc1 {[%emt 0:00:06]} 35. Rxc1 {[%emt 0:00:07]} Bxd7 {[%emt 0:00:02]} 36. Bxa6 {[%emt 0:00:54]} Bxa4 {[%emt 0:00:04]} 37. Bb7 {[%emt 0:01:05]} Nd5 {[%emt 0:02:07]} 38. Bxd5 {[%emt 0:00:06]} exd5 {[%emt 0:00:02]} 39. Rc7 {[%emt 0:00:08]} Rf8 {[%emt 0:00:25]} 40. Bb4 {[%emt 0:01:10]} Rd8 {[%emt 0:00:10]} 41. Bc3 {[%emt 0:00:17]} Rd7 {[%emt 0:00:02]} 42. Rc8+ {[%emt 0:00:04]} Kf7 {[%emt 0:00:02]} 43. h4 {[%emt 0:00:03]} Bb3 {[%emt 0:00:34]} 44. h5 {[%emt 0:00:18]} h6 {[%emt 0:00:01]} 45. Bd4 {[%emt 0:00:03]} Bc4 {[%emt 0:00:10]} 46. Ke1 {[%emt 0:00:20]} Rb7 {[%emt 0:00:12]} 47. Kf2 {[%emt 0:00:02]} Rd7 {[%emt 0:00:05]} 48. Ra8 {[%emt 0:00:22]} Rb7 {[%emt 0:00:10]} 49. Rc8 {[%emt 0:00:03]} Rd7 {[%emt 0:00:03]} 50. Rc6 {[%emt 0:00:04]} Rb7 {[%emt 0:00:37]} 51. Rg6 {[%emt 0:00:15]} Kf8 {[%emt 0:00:29]} 52. Re6 {[%emt 0:00:11]} Bd3 {[%emt 0:00:52]} 53. Re5 {[%emt 0:00:14]} Rb5 {[%emt 0:00:07]} 54. Re6 {[%emt 0:00:11]} Rb7 {[%emt 0:00:03]} 55. Ke1 {[%emt 0:00:12]} Kf7 {[%emt 0:01:09]} 56. Rg6 {[%emt 0:00:04]} Kf8 {[%emt 0:00:02]} 57. Kd2 {[%emt 0:00:04]} Bb1 {[%emt 0:00:03]} 58. Ra6 {[%emt 0:00:04]} Rc7 {[%emt 0:00:34]} 59. Ra1 {[%emt 0:00:32]} Rb7 {[%emt 0:00:07]} 60. Ra5 {[%emt 0:00:18]} Rd7 {[%emt 0:01:04]} 61. Ra3 {[%emt 0:00:02]} Rc7 {[%emt 0:00:11]} 62. Ra1 {[%emt 0:00:12]} Rb7 {[%emt 0:00:02]} 63. Ra5 {[%emt 0:00:05]} Rd7 {[%emt 0:00:06]} 64. Be5 {[%emt 0:00:02]} Kf7 {[%emt 0:00:16]} 65. Ra3 {[%emt 0:00:25]} Re7 {[%emt 0:00:35]} 66. Bc3 {[%emt 0:00:23]} Rb7 {[%emt 0:00:12]} 67. Bd4 {[%emt 0:00:10]} Rc7 {[%emt 0:00:17]} 68. Ra1 {[%emt 0:00:06]} 1/2-1/2

[Event "EUSA-ch Women 2019"]
[Site "Budapest"]
[Date "2019.07.26"]
[Round "5"]
[White "Varga, Klara"]
[Black "Shuvalova, Polina"]
[Result "0-1"]
[WhiteElo "2146"]
[BlackElo "2418"]
[Annotator "NA"]
[PlyCount "106"]
[EventDate "2019.07.23"]
[EventType "team-tourn"]
[EventCountry "HUN"]
[SourceTitle "playchess.com"]
[Source "ChessBase"]
[SourceQuality "1"]
[TimeControl "1500+10"]

1. c4 {[%emt 0:00:00]} e6 {[%emt 0:00:00]} 2. Nf3 {[%emt 0:00:00]} Nf6 {[%emt 0:00:07]} 3. g3 {[%emt 0:00:00]} d5 {[%emt 0:00:01]} 4. Bg2 {[%emt 0:00:00]} Be7 {[%emt 0:00:12]} 5. O-O {[%emt 0:00:00]} O-O {[%emt 0:00:03]} 6. d4 {[%emt 0:00:01]} c6 {[%emt 0:00:08]} 7. Qc2 {[%emt 0:00:03]} b6 {[%emt 0:00:23]} 8. Rd1 {[%emt 0:00:02]} Bb7 {[%emt 0:00:26]} 9. b3 {[%emt 0:00:02]} a5 {[%emt 0:00:17]} 10. Nc3 {[%emt 0:00:06]} Ba6 {[%emt 0:00:32]} 11. Ne5 {[%emt 0:00:39]} Nfd7 {[%emt 0:01:55]} 12. e4 {[%emt 0:00:13]} Nxe5 {[%emt 0:01:20]} 13. dxe5 {[%emt 0:00:05]} d4 {[%emt 0:00:02]} 14. Ne2 {[%emt 0:01:52]} c5 {[%emt 0:00:04]} 15. Nf4 {[%emt 0:00:01]} Nc6 {[%emt 0:00:31]} 16. Nd3 {[%emt 0:00:08]} Qc7 {[%emt 0:00:34]} 17. f4 {[%emt 0:00:11]} a4 {[%emt 0:00:29]} 18. Kh1 {[%emt 0:00:43]} Bb7 {[%emt 0:00:18]} 19. Rb1 {[%emt 0:03:14]} axb3 {[%emt 0:00:15]} 20. axb3 {[%emt 0:00:01]} Ra7 {[%emt 0:01:14]} 21. Bb2 {[%emt 0:00:34]} h6 {[%emt 0:00:35]} 22. Qe2 {[%emt 0:00:25]} Ra2 {[%emt 0:00:28]} 23. g4 {[%emt 0:00:53]} Rd8 {[%emt 0:01:21]} 24. Nc1 {[%emt 0:00:22]} Raa8 {[%emt 0:00:31]} 25. Rd3 {[%emt 0:00:02]} Nb4 {[%emt 0:01:08]} 26. Rh3 {[%emt 0:00:17]} Qd7 {[%emt 0:02:19]} 27. Nd3 {[%emt 0:01:20]} Nxd3 {[%emt 0:00:11]} 28. Qxd3 {[%emt 0:00:02]} Ra2 {[%emt 0:00:56]} 29. Bc1 {[%emt 0:04:59]} Bc6 {[%emt 0:00:48]} 30. Bd2 {[%emt 0:04:18]} Qb7 {[%emt 0:00:39]} 31. Re1 {[%emt 0:00:10]} b5 {[%emt 0:00:26]} 32. Bc1 {[%emt 0:02:24]} bxc4 {[%emt 0:00:44]} 33. bxc4 {[%emt 0:00:02]} Rb8 {[%emt 0:00:47]} 34. f5 {[%emt 0:00:26]} Bg5 {[%emt 0:01:49]} 35. Bxg5 {[%emt 0:00:05]} hxg5 {[%emt 0:00:04]} 36. Rh5 {[%emt 0:01:47]} Qb3 {[%emt 0:00:22]} 37. Qf1 {[%emt 0:00:25]} Qc2 {[%emt 0:01:23]} 38. Kg1 {[%emt 0:04:14]} Rbb2 {[%emt 0:02:25]} 39. Bf3 {[%emt 0:00:01]} Qd2 {[%emt 0:02:04]} 40. f6 {[%emt 0:00:28]} Qf4 {[%emt 0:00:59]} 41. Qh3 {[%emt 0:00:16]} Rg2+ {[%emt 0:00:33]} 42. Qxg2 {[%emt 0:00:47]} Rxg2+ {[%emt 0:00:03]} 43. Kxg2 {[%emt 0:00:02]} gxf6 {[%emt 0:00:48]} 44. exf6 {[%emt 0:00:04]} Qxf6 {[%emt 0:00:12]} 45. Rh3 {[%emt 0:00:01]} Qf4 {[%emt 0:00:09]} 46. Rf1 {[%emt 0:00:43]} e5 {[%emt 0:00:21]} 47. Re1 {[%emt 0:00:03]} d3 {[%emt 0:00:11]} 48. Rg3 {[%emt 0:00:05]} d2 {[%emt 0:00:11]} 49. Rd1 {[%emt 0:00:16]} Kg7 {[%emt 0:00:10]} 50. Kh3 {[%emt 0:00:11]} Ba4 {[%emt 0:00:12]} 51. Rf1 {[%emt 0:00:07]} d1=R {[%emt 0:00:23]} 52. Rxd1 {[%emt 0:00:11]} Bxd1 {[%emt 0:00:02]} 53. Bxd1 {[%emt 0:00:01]} Qf1+ {[%emt 0:00:01]} 0-1

[Event "EUSA-ch Women 2019"]
[Site "Budapest"]
[Date "2019.07.26"]
[Round "6"]
[White "Lach, Aleksandra"]
[Black "Voit, Daria"]
[Result "0-1"]
[WhiteElo "2173"]
[BlackElo "2339"]
[Annotator "TA"]
[PlyCount "118"]
[EventDate "2019.07.23"]
[EventType "team-tourn"]
[EventCountry "HUN"]
[SourceTitle "playchess.com"]
[Source "ChessBase"]
[SourceQuality "1"]

{[%evp 13,118,-12,-7,-15,-19,-30,-10,-40,-40,-35,-31,-35,-27,-32,-34,-37,0,-82,-33,0,0,0,12,0,43,35,72,22,12,-6,-14,-13,0,0,-15,-26,0,0,0,0,0,0,0,-16,-9,-60,-28,-98,-90,-94,-82,-131,-133,-200,-106,-105,-95,-106,-106,-104,-106,-118,-106,-160,-135,-119,-102,-103,-108,-112,-95,-133,-100,-93,-86,-112,-98,-158,-174,-129,-118,-128,-129,-132,-120,-137,-143,-194,-129,-129,-73,-81,-88,-169,-152,-149,-160,-224,-225,-333,-322,-503,-500,-514,-445,-29970,-29966]} 1. e4 c5 2. Nf3 Nc6 3. d3 g6 4. g3 Bg7 5. c3 e5 6. Bg2 Nge7 7. O-O O-O 8. a4 {A04: Unusual lines after 1 Nf3 and King's Indian Attack} (8. a3 a5 9. a4 d5 10. Na3 d4 11. cxd4 cxd4 12. Nc4 Rb8 13. b3 b5 14. axb5 Rxb5 15. Ba3 Nb4 16. Bxb4 axb4 {1-0 (37) Maghsoodloo,P (2673)-Grandelius,N (2694) Astana 2019}) 8... d5 9. exd5 Nxd5 10. Na3 {The position is equal.} h6 11. Nc4 Be6 $146 ({Predecessor:} 11... Re8 12. Be3 Nxe3 13. Nxe3 Be6 14. Qc2 {½-½ (14) Murariu,A (2503)-Grigore,G (2528) Bucharest 2011}) 12. Re1 {[%cal Rf3e5]} Qc7 13. Qe2 {[%cal Rf3e5]} Rfe8 14. Bd2 {[%cal Rf3e5]} f6 15. Ne3 (15. Nh4 $11) 15... Nde7 16. b4 cxb4 17. cxb4 Rad8 18. Rac1 Qd6 19. b5 Nb4 20. Bxb4 (20. Nc4 {looks sharper.} Bxc4 21. Bxb4 Qxb4 22. Rxc4 Qb3 23. d4) 20... Qxb4 21. Rc7 (21. d4 $5) 21... Qxa4 22. Rxb7 Rd7 23. Rxd7 Bxd7 24. Nc4 Bxb5 25. Nd6 $1 {Hoping for Qb2.} Rd8 26. Nxb5 Qxb5 27. Qa2+ Kh7 28. Qxa7 Rd7 29. Qa8 (29. Qa2 $1 $11) 29... Qxd3 30. Nh4 (30. h4 $11) 30... f5 31. Qe8 Qd6 32. Bh3 Rd8 $36 {[%mdl 2048] Black is really pushing.} 33. Qf7 (33. Qa4 $17) 33... Qf6 ({Black should play} 33... Rf8 $1 $19 {[%cal Rf8f7]} 34. Qc4 g5) 34. Qxf6 $17 Bxf6 35. Ng2 e4 36. Ne3 Kg7 37. Rb1 Bd4 38. Rb7 (38. Bf1 $142) 38... Kf6 39. Nc4 Rc8 40. Bf1 g5 41. Rd7 {Black must now prevent Rd6+.} Bc5 42. Nd6 Bxd6 43. Rxd6+ {[%mdl 4096] Endgame [#] KRB-KRN} Kg7 $1 44. Rd7 Kf7 45. Be2 (45. Rd4 $142) 45... Ke6 46. Ra7 Rc6 47. Bh5 Kf6 48. Be8 Rb6 49. Ra4 Nd5 50. Ra7 (50. Ra5 $17 {keeps fighting.} Nc3 51. Rc5 Ne2+ 52. Kf1) 50... Ke5 ({Better is} 50... f4 $19 51. Ra1 Ke5 52. gxf4+ gxf4) 51. Ra5 Kd4 (51... f4 $142 52. gxf4+ gxf4) 52. Bf7 Ne7 53. Ra7 {[#]} (53. Kg2 $17) 53... Nc6 $1 $19 {[%cal Rc6a7]} 54. Rd7+ Ke5 55. Rd5+ (55. Bc4 $17) 55... Kf6 56. Be8 (56. Bh5 $142) 56... Ne5 57. Bh5 (57. Ba4 $142) 57... g4 58. Rd1 Rb2 59. Rf1 (59. Ra1 $19) 59... Nf3+ {Accuracy: White = 38%, Black = 67%.} 0-1

[Event "EUSA-ch Women 2019"]
[Site "Budapest"]
[Date "2019.07.28"]
[Round "7"]
[White "Terbe, Zsuzsanna"]
[Black "Lach, Aleksandra"]
[Result "1-0"]
[WhiteElo "2160"]
[BlackElo "2173"]
[Annotator "NA"]
[PlyCount "117"]
[EventDate "2019.07.23"]
[EventType "team-tourn"]
[EventCountry "HUN"]
[SourceTitle "playchess.com"]
[Source "ChessBase"]
[SourceQuality "1"]
[TimeControl "1500+10"]

1. d4 {[%emt 0:00:00]} f5 {[%emt 0:04:12]} 2. Nf3 {[%emt 0:00:00]} Nf6 {[%emt 0:00:20]} 3. g3 {[%emt 0:00:02]} g6 {[%emt 0:00:42]} 4. Bg2 {[%emt 0:00:02]} Bg7 {[%emt 0:00:02]} 5. O-O {[%emt 0:00:03]} O-O {[%emt 0:00:23]} 6. c4 {[%emt 0:00:02]} d6 {[%emt 0:00:40]} 7. Nc3 {[%emt 0:00:02]} c6 {[%emt 0:00:10]} 8. Re1 {[%emt 0:00:19]} Ne4 {[%emt 0:04:01]} 9. Qc2 {[%emt 0:00:08]} Nxc3 {[%emt 0:00:02]} 10. bxc3 {[%emt 0:00:03]} e5 11. dxe5 {[%emt 0:00:02]} dxe5 {[%emt 0:01:10]} 12. Ba3 {[%emt 0:00:02]} Re8 {[%emt 0:02:47]} 13. Rad1 {[%emt 0:00:04]} Qf6 {[%emt 0:00:04]} 14. e4 {[%emt 0:00:03]} f4 {[%emt 0:01:08]} 15. Rd6 {[%emt 0:00:11]} Be6 {[%emt 0:00:37]} 16. Bh3 {[%emt 0:00:06]} Bf8 {[%emt 0:02:25]} 17. Rxe6 {[%emt 0:07:07]} Rxe6 {[%emt 0:00:23]} 18. Bxe6+ {[%emt 0:00:03]} Qxe6 {[%emt 0:00:00]} 19. Qb2 {[%emt 0:00:20]} b6 {[%emt 0:00:29]} 20. Rd1 {[%emt 0:00:53]} Na6 {[%emt 0:00:53]} 21. Bxf8 {[%emt 0:02:02]} Rxf8 {[%emt 0:00:40]} 22. Kg2 {[%emt 0:03:28]} Nc5 {[%emt 0:01:14]} 23. Qe2 {[%emt 0:00:38]} h6 {[%emt 0:01:06]} 24. h4 {[%emt 0:00:31]} fxg3 {[%emt 0:00:21]} 25. fxg3 {[%emt 0:00:08]} Qg4 {[%emt 0:00:01]} 26. Re1 {[%emt 0:00:39]} Ne6 {[%emt 0:00:01]} 27. Qe3 {[%emt 0:00:56]} Nf4+ {[%emt 0:01:25]} 28. Kf2 {[%emt 0:00:06]} Nh5 {[%emt 0:00:01]} 29. Rg1 {[%emt 0:00:09]} Nf6 {[%emt 0:00:47]} 30. Re1 {[%emt 0:00:07]} Qh3 {[%emt 0:00:09]} 31. Ke2 {[%emt 0:00:15]} Qg4 {[%emt 0:01:03]} 32. Kd3 {[%emt 0:02:26]} Nd7 {[%emt 0:01:54]} 33. Nd2 {[%emt 0:01:33]} Kh7 {[%emt 0:00:01]} 34. Kc2 {[%emt 0:00:15]} Qh3 {[%emt 0:00:23]} 35. Qd3 {[%emt 0:01:14]} Qe6 {[%emt 0:00:22]} 36. Rf1 {[%emt 0:00:39]} Rxf1 {[%emt 0:00:02]} 37. Qxf1 {[%emt 0:00:02]} Kg7 {[%emt 0:00:05]} 38. Qd3 {[%emt 0:00:10]} Qe7 {[%emt 0:00:27]} 39. Nb3 {[%emt 0:00:45]} Nf6 {[%emt 0:00:19]} 40. Kb2 {[%emt 0:00:33]} c5 {[%emt 0:00:19]} 41. Nd2 {[%emt 0:00:12]} a6 {[%emt 0:00:10]} 42. Nf1 {[%emt 0:00:25]} Qb7 {[%emt 0:00:04]} 43. Qd6 {[%emt 0:01:03]} b5 {[%emt 0:00:01]} 44. Qxc5 {[%emt 0:00:48]} bxc4+ {[%emt 0:00:02]} 45. Ka3 {[%emt 0:00:06]} Nxe4 {[%emt 0:00:34]} 46. Qxe5+ {[%emt 0:00:02]} Kh7 {[%emt 0:00:13]} 47. g4 {[%emt 0:01:25]} Nf2 {[%emt 0:00:21]} 48. Ne3 {[%emt 0:00:15]} Nd3 {[%emt 0:00:01]} 49. Qd6 {[%emt 0:00:21]} Qb2+ {[%emt 0:00:10]} 50. Ka4 {[%emt 0:00:01]} Qxa2+ 51. Qa3 {[%emt 0:00:01]} Nc5+ {[%emt 0:00:25]} 52. Kb4 {[%emt 0:00:03]} a5+ {[%emt 0:00:09]} 53. Qxa5 {[%emt 0:00:01]} Nd3+ {[%emt 0:00:01]} 54. Kb5 {[%emt 0:00:01]} Qb3+ {[%emt 0:00:20]} 55. Kc6 {[%emt 0:00:28]} Qb8 {[%emt 0:00:01]} 56. Qc7+ {[%emt 0:00:12]} Qxc7+ {[%emt 0:00:01]} 57. Kxc7 {[%emt 0:00:01]} Ne5 {[%emt 0:00:01]} 58. Kd6 {[%emt 0:00:02]} Nxg4 {[%emt 0:00:05]} 59. Nxg4 {[%emt 0:00:01]} 1-0

[Event "EUSA-ch Women 2019"]
[Site "Budapest"]
[Date "2019.07.28"]
[Round "7"]
[White "Jedrocha, Katarzyna"]
[Black "Varga, Klara"]
[Result "0-1"]
[WhiteElo "1943"]
[BlackElo "2146"]
[Annotator "NA"]
[PlyCount "80"]
[EventDate "2019.07.23"]
[EventType "team-tourn"]
[EventCountry "HUN"]
[SourceTitle "playchess.com"]
[Source "ChessBase"]
[SourceQuality "1"]
[TimeControl "1500+10"]

1. d4 {[%emt 0:02:39]} Nf6 {[%emt 0:00:00]} 2. g3 {[%emt 0:00:02]} e6 {[%emt 0:00:00]} 3. c4 {[%emt 0:00:04]} d5 {[%emt 0:00:04]} 4. Bg2 {[%emt 0:00:05]} dxc4 {[%emt 0:00:18]} 5. Nf3 {[%emt 0:00:13]} Bb4+ {[%emt 0:00:37]} 6. Nbd2 {[%emt 0:00:14]} O-O {[%emt 0:00:09]} 7. Qc2 {[%emt 0:00:16]} c5 {[%emt 0:02:23]} 8. dxc5 {[%emt 0:00:58]} c3 {[%emt 0:00:13]} 9. bxc3 {[%emt 0:00:43]} Bxc5 {[%emt 0:00:02]} 10. O-O {[%emt 0:00:11]} Nc6 {[%emt 0:00:06]} 11. Nb3 {[%emt 0:00:35]} Be7 {[%emt 0:00:20]} 12. Nfd4 {[%emt 0:01:04]} Bd7 {[%emt 0:02:14]} 13. Nxc6 {[%emt 0:00:43]} Bxc6 {[%emt 0:00:02]} 14. Bxc6 {[%emt 0:00:03]} bxc6 {[%emt 0:00:02]} 15. Rd1 {[%emt 0:00:30]} Qc7 {[%emt 0:00:15]} 16. Bb2 {[%emt 0:00:58]} a5 {[%emt 0:02:29]} 17. c4 {[%emt 0:02:15]} a4 {[%emt 0:00:18]} 18. Nd2 {[%emt 0:00:12]} Rfb8 {[%emt 0:03:44]} 19. Nf3 {[%emt 0:02:08]} Nd7 {[%emt 0:03:02]} 20. Rab1 {[%emt 0:02:48]} h6 {[%emt 0:02:20]} 21. Bc3 {[%emt 0:01:33]} Bf6 {[%emt 0:04:28]} 22. Rxb8+ {[%emt 0:00:58]} Rxb8 {[%emt 0:00:52]} 23. Bxf6 {[%emt 0:00:09]} Nxf6 {[%emt 0:00:02]} 24. Qxa4 {[%emt 0:01:28]} Ne4 {[%emt 0:02:11]} 25. Qc2 {[%emt 0:00:34]} Nc5 {[%emt 0:00:05]} 26. Nd4 {[%emt 0:01:15]} Ra8 {[%emt 0:01:06]} 27. Rd2 {[%emt 0:01:11]} g6 {[%emt 0:00:31]} 28. e3 {[%emt 0:00:41]} e5 {[%emt 0:00:31]} 29. Nb3 {[%emt 0:00:03]} Ne6 {[%emt 0:00:02]} 30. c5 {[%emt 0:01:36]} Ng5 {[%emt 0:00:07]} 31. Qd1 {[%emt 0:02:10]} e4 {[%emt 0:00:53]} 32. Nd4 {[%emt 0:00:11]} Rc8 {[%emt 0:00:26]} 33. h4 {[%emt 0:00:05]} Nh7 {[%emt 0:00:02]} 34. Rb2 {[%emt 0:00:31]} Qe5 {[%emt 0:00:11]} 35. Qc2 {[%emt 0:00:35]} Nf6 {[%emt 0:00:18]} 36. Rb6 {[%emt 0:00:13]} Qd5 {[%emt 0:00:01]} 37. Rb7 {[%emt 0:00:30]} Nd7 {[%emt 0:00:13]} 38. Nb3 {[%emt 0:00:30]} Ne5 {[%emt 0:00:04]} 39. Rb4 {[%emt 0:00:15]} Nf3+ {[%emt 0:00:11]} 40. Kg2 {[%emt 0:00:01]} Ne1+ {[%emt 0:00:06]} 0-1